| 000 | 00687nam a22002537a 4500 | ||
|---|---|---|---|
| 999 |
_c133799 _d133799 |
||
| 003 | 0 | ||
| 005 | 20190515152844.0 | ||
| 008 | 0 | ||
| 010 | _aB-120226 | ||
| 020 |
_c150.00 _a8173413363 |
||
| 035 | _aB-120226,b-120227,B-120247 | ||
| 037 | _bCen Lib/Ret | ||
| 040 |
_aDPL _bEN _c0 |
||
| 082 |
_aS _bBUR |
||
| 100 |
_aBurney, Aziz _927499 |
||
| 245 |
_aEye witness / _cby Aziz Burney; translated by C.M. Agarwal |
||
| 260 |
_aNew Delhi _bIndian Publishers _c2004 |
||
| 270 |
_bNew Delhi _a156-D, kamla nagar _e110007 |
||
| 300 |
_avi, 97p. _c19m(Hb) |
||
| 650 |
_aLiterature _96262 |
||
| 650 |
_aStories _97500 |
||
| 700 |
_aAgarwal, C.M. _927157 |
||
| 942 |
_2ddc _cEN _hS _mBUR |
||